000 00515nam a2200181 i 4500
001 150052
003 ES-MaACL
005 20240209212406.0
007 t|
008 071026s1943 sz ||||1| fre d
100 1 _aVallotton, Henry.
_9112926
245 1 0 _aAlphonse XIII /
_cHenry Vallotton.
260 _aLausanne :
_bLibrairie Payot,
_c1943.
300 _a292 p., 22 lám. ;
_c23 cm.
600 0 4 _aAlfonso
_bXIII,
_cRey de España
_9235132
852 _aES-MaACL
_jF-15967
_bR.20736
999 _c150052
_d150052